Understanding the mahatma (Record no. 193981)

MARC details
000 -LEADER
fixed length control field 00575nam a22001817a 4500
005 - DATE AND TIME OF LATEST TRANSACTION
control field 20221130123619.0
010 ## - LCCN (DPL NO)
LC control number ENG-135603
020 ## - INTERNATIONAL STANDARD BOOK NUMBER
International Standard Book Number 9788193966822
Terms of availability 450.00
035 ## - SYSTEM CONTROL NUMBER
System control number EN-119135
037 ## - SOURCE OF ACQUISITION
Source of stock number/acquisition DBAD/PUB
082 ## - DEWEY DECIMAL CLASSIFICATION NUMBER
Classification number 320
245 ## - TITLE STATEMENT
Title Understanding the mahatma
Statement of responsibility, etc compiled and edited by J.R. Kokandakar
260 ## - PUBLICATION, DISTRIBUTION, ETC. (IMPRINT)
Place of publication, distribution, etc Pune
Name of publisher, distributor, etc Maharashtra Gandhi Smarak Nidhi
Date of publication, distribution, etc 2018
270 ## - ADDRESS
Address Survey No. 36, Gandhibhavan, Kothrud
City Pune
Postal code 411038
Telephone number 02025385091
300 ## - PHYSICAL DESCRIPTION
Extent 665p.
Dimensions 21cm(pbk)
700 ## - ADDED ENTRY--PERSONAL NAME
Personal name Kokandakar, J.R.
Relator term compiler
942 ## - ADDED ENTRY ELEMENTS (KOHA)
Source of classification or shelving scheme Dewey Decimal Classification
Item type English Books
Classification part 320
Call number suffix UND
Holdings
Withdrawn status Lost status Not for loan Collection code Home library Current library Date acquired Source of acquisition Cost, normal purchase price Full call number Barcode Copy number Cost, replacement price Koha item type
      Non-fiction Andrews Gunj Andrews Gunj 30/11/2022 DBAD/PUB 450.00 320 UND EN-119135 1 450.00 English Books

© Delhi Public Library
Hit Counter
free hit counter